000 00464nam a22001817a 4500
003 NUST - PNEC
005 20170116180944.0
008 150907b xxu||||| |||| 00| 0 eng d
020 _a9788131787960
040 _cLIBRARY
082 _a621.3815 FLO
100 _98892
_aFloyd, Thomas L.
245 _aFundamentals of analog circuits
_cThomas L. Floyd
250 _a2nd ed.
260 _cc.2013
650 _98894
_aMS communication
_xMScom
942 _2ddc
_cBK
999 _c66250
_d66250